000 00920nam a22002297a 4500
005 20111222143622.0
008 111222t xxu||||| |||| 00| 0 eng d
010 _aENG-104435
020 _a9788178331454
_c1275.00
035 _aEN-87968
037 _bDBAD/PUB
040 _aDPL
_bEng
082 _a664.00286
100 _937371
_aPanda, H.
245 0 0 _aThe complete book on managing food processing industry waste /
_b
_cby H.Panda
260 _aDelhi
_bAsia Pacific Business Press
_c(201 ?)
270 _a106-E, Kamla Nagar,
_b Delhi
_e110007
300 _a392p.
_c22cm (pbk)
942 _2ddc
_cEN
_mPAN
_h664.00286
999 _c59885
_d59885